| 000 | 00859cam a22002295a 4500 | ||
|---|---|---|---|
| 001 | L157981 | ||
| 008 | 130919s2013 xxk f 000 0 eng d | ||
| 020 | _a97801333725670 | ||
| 035 | _a(Sirsi) u157981 | ||
| 041 | 0 | _aeng | |
| 100 | 1 | _aPettit, Barbara | |
| 245 | 0 | 0 | _aValuation for mergers and acquisitions |
| 250 | _a2nd edition | ||
| 260 |
_aUpper Saddle River _bPearson Education Inc _c2013 |
||
| 300 | _av, 247; 24cm | ||
| 520 | _aOutlines a range of valution methods which can be applied when carrying out valuations for merger and acquisition purposes. Looks at discounted cash flow models, relative and direct valuations. Highlights accounting issues in valuation analysis and financial reporting and taxation issues. | ||
| 590 | _aKA | ||
| 651 | 4 | _aInternational | |
| 690 |
_aValuation _96273 |
||
| 700 | 1 | _aFerris, Kenneth | |
| 942 | _n0 | ||
| 999 |
_c115053 _d115053 |
||